000 00416nam a2200133Ia 4500
008 151001s9999||||xx |||||||||||||| ||und||
100 _aलक्ष्मी नारायण त्रिपाठी
245 _aमी हिजडा मी लक्ष्मी
250 _a1
260 _bमनोविकास प्रकाशन पुणे
260 _c2013
300 _a202
365 _b21
999 _c999329
_d999326